Návrh systému zobrazovania bezpečnostných parametrov v jadrovej elektrárni
Gespeichert in:
| 1. Verfasser: | |
|---|---|
| Weitere Verfasser: | |
| Format: | Manuskript Buch |
| Sprache: | Slowakisch |
| Veröffentlicht: |
Bratislava :
STU v Bratislave FEI,
2004
|
| Schlagworte: | |
| Tags: |
Keine Tags, Fügen Sie das erste Tag hinzu!
|
MARC
| LEADER | 00000ntm a22000003a 4500 | ||
|---|---|---|---|
| 001 | stu92535 | ||
| 005 | 20160719164700.3 | ||
| 008 | 050124s2004------------------------slo-d | ||
| 040 | |a STU |b slo | ||
| 041 | 0 | |a slo | |
| 100 | 1 | |a Arbet, Roman |4 aut | |
| 245 | 1 | |a Návrh systému zobrazovania bezpečnostných parametrov v jadrovej elektrárni | |
| 260 | |a Bratislava : |b STU v Bratislave FEI, |c 2004 | ||
| 300 | |a 41 s |c príl. | ||
| 650 | 7 | |a automatizácia |2 stusub | |
| 700 | 1 | |a Gese, Augustín, |d 1945- |4 ths |u M6000 |U MTF Materiálovotechnologická fakulta |T MTF Ústav aplikovanej informatiky, automatizácie a matematiky |X 4404 |U M6000 |Y 86 |7 A000004404 | |